000 01675nam a2200373 c 4500
003 BLK
005 20250324101226.0
008 180409b bul|||||r ||||||| ||bul||
010 _aKNG00108224000
020 _a954-9745-63-5
_bиздат.: Еднорог
040 _aBLK
041 _aBUL
_cBUL
080 _aРуска литература
_b821.161.1
_x-312.4
_z821.161.1-312.4
100 1 _aАкунин, Борис
_eпърви автор
_gЧхартишвили, Григорий Шалвович
_929916
700 1 _aБранц, София Азариева
_eпрев.
_9364087
700 1 _aЧхартишвили, Григорий Шалвович
_e*
_9372450
139 _aАкунин, Борис
_bА 45
245 1 0 _aДекоратор
_bРоман
_cБорис Акунин; прев. София Азариева Бранц; * Григорий Шалвович Чхартишвили.
257 _aRUS
260 София
_bЕднорог
_c2003
_fСофия : Дракон
300 _a253 с.
_c20 см
380 _aX
490 1 _aПоредица Приключенията на Ераст Фандорин
490 1 _3Подсерия
_aСпециални поръчения
_v2
500 _aИстинското име на авт. е Григорий Шалвович Чхартишвили. - Ориг. загл. Декоратор / B. Akunin. - Офс. изд.
653 _aромани
653 _aЕраст Фандорин
852 _aЦб 216254
856 4 _qpdf
_u
856 4 _qpdf
_u
942 _cKNG
_n0
_07
944 _aCR
_c13.10.2003
_k30576
_lЦветомила Тодорова
944 _aED
_c26.06.2007
_k
999 _c103152
_d103152